Indian architecture through the ages (Record no. 5482)

MARC details
000 -LEADER
fixed length control field 00440 a2200169 4500
001 - CONTROL NUMBER
control field 072247
003 - CONTROL NUMBER IDENTIFIER
control field OSt
005 - DATE AND TIME OF LATEST TRANSACTION
control field 20210906143301.0
008 - FIXED-LENGTH DATA ELEMENTS--GENERAL INFORMATION
fixed length control field
082 ## - DEWEY DECIMAL CLASSIFICATION NUMBER
Classification number 720.954
Item number V59I
100 1# - MAIN ENTRY--PERSONAL NAME
Personal name Verma, S.K.
245 1# - TITLE STATEMENT
Title Indian architecture through the ages
Statement of responsibility, etc by S.K. Verma
260 ## - PUBLICATION, DISTRIBUTION, ETC. (IMPRINT)
Place of publication, distribution, etc Delhi
Name of publisher, distributor, etc Manglam Publications
Date of publication, distribution, etc 2012
300 ## - PHYSICAL DESCRIPTION
Extent 264p.
690 ## - LOCAL SUBJECT ADDED ENTRY--TOPICAL TERM (OCLC, RLIN)
Topical term or geographic name as entry element India; Architecture; Art, Indic
942 ## - ADDED ENTRY ELEMENTS (KOHA)
Source of classification or shelving scheme Dewey Decimal Classification
Koha item type Books
Holdings
Withdrawn status Lost status Source of classification or shelving scheme Damaged status Not for loan Collection code Home library Current library Date acquired Source of acquisition Cost, normal purchase price Total Checkouts Full call number Barcode Date last seen Date checked out Price effective from Koha item type
    Dewey Decimal Classification     General Text Book Central University Of Rajasthan Central University Of Rajasthan 07/03/2012 ARC 850.00 2 720.954 V59I 7074 27/11/2024 21/11/2024 02/09/2020 Books